Altar fires for family worship ; a daily devotional guide compiled from Home life /

Bibliographic Details
Uniform Title:Home life (Nashville)
Other Authors: Burton, Joe Wright, 1907-1976
Format: Book
Language:English
Published: Nashville : Broadman Press, [1955]
Subjects:

MARC

Tag First Indicator Second Indicator Subfields
LEADER 00000cam a2200000 4500
001 in00000039461
005 20151007081737.0
008 800425s1955 tnu 00010 eng
010 |a  55013660  
035 |a (OCoLC)06245334 
035 |9 AAF6855AM 
040 |a DLC  |c TXA  |d UtOrBLW 
049 |a TXAM  |c [266017] 
050 0 |a BV4810  |b .H6 
082 0 |a 242.2* 
092 |a 242  |b H765a 
130 0 |a Home life (Nashville) 
245 1 0 |a Altar fires for family worship ;  |b a daily devotional guide compiled from Home life /  |c Edited by Joe W. Burton. 
264 1 |a Nashville :  |b Broadman Press,  |c [1955] 
300 |a 373 pages ;  |c 21 cm. 
336 |a text  |b txt  |2 rdacontent 
337 |a unmediated  |b n  |2 rdamedia 
338 |a volume  |b nc  |2 rdacarrier 
650 0 |a Devotional calendars  |x Baptists. 
700 1 |a Burton, Joe Wright,  |d 1907-1976. 
999 |a MARS 
999 f f |s c72e393e-b567-362b-8df7-f7104aad6247  |i 3981781b-97b8-34e9-b260-15fa2ca1a542  |t 0 
952 f f |p ric  |a Texas A&M University  |b Rellis Campus  |c Joint Library Facility  |d Remote Storage  |t 0  |e BV4810 .H6  |h Library of Congress classification  |i unmediated -- volume  |m A14800609966 
998 f f |a BV4810 .H6  |t 0  |l Remote Storage